Score 0/16 Timer 03:00
0 Plays Today
Scrambled Creature Unscrambled Creature % Correct
ALESSeal
95.8%
LOWNCISHFClownfish
84.7%
NARWPPrawn
84.1%
CULTFETISHCuttlefish
76.7%
ULESMSMussel
74.5%
BAILHUTHalibut
73.3%
ARADARCUBBarracuda
59.8%
OLDERFUNFlounder
53.9%
Scrambled Creature Unscrambled Creature % Correct
ERRNIGHHerring
53.1%
RAHLAWNNarwhal
32.1%
STOREYOyster
19.8%
BAAENLOAbalone
17.1%
ELMTIPLimpet
14.5%
FLASHERGINAnglerfish
13.1%
LUAUTINSNautilus
12.8%
DOGGUNDugong
10%

You're not logged in!

Compare scores with friends on all Sporcle quizzes.
OR
Log In

Sporcle TV

Today on Sporcle TV


Watch our educational content, quiz creation guides, and fun videos on Sporcle TV.

Show Comments

Extras

Top Quizzes Today


Score Distribution

Your Account Isn't Verified!

In order to create a playlist on Sporcle, you need to verify the email address you used during registration. Go to your Sporcle Settings to finish the process.

Report this User

Report this user for behavior that violates our Community Guidelines.

Details: